000
00248nam a22001097a 4500
082
_a
340
100
_a
Garg,Sandeep
245
_a
Intellectual Property Laws
260
_a
Delhi
_b
Commercial Law Publishers
_c
2025
650
_a
Law
942
_c
C. BOOKS
999
_c
68247
_d
68247